书目信息 |
| 题名: |
动植物神秘现象全记录
|
|
| 作者: | 占立 主编 | |
| 分册: | ||
| 出版信息: | 北京 中国方正出版社 2003 |
|
| 页数: | 297页 | |
| 开本: | 20cm | |
| 丛书名: | 发现系列 | |
| 单 册: | ||
| 中图分类: | Q94-49 | |
| 科图分类: | ||
| 主题词: | 植物--普及读物 , 动物--普及读物 , 动物 , 植物 | |
| 电子资源: | ||
| ISBN: | 7-80107-465-3 | |
| 000 | 00922oam2 2200301 450 | |
| 001 | 0123456210075 | |
| 005 | 20070730143703.96 | |
| 010 | @a7-80107-465-3@dCNY24.50 | |
| 100 | @a20040708d2003 em y0chiy0110 ea | |
| 101 | 0 | @achi |
| 102 | @aCN@b110000 | |
| 105 | @aaf z 000yy | |
| 200 | 1 | @a动植物神秘现象全记录@Adong zhi wu shen mi xian xiang quan ji lu@f占立主编 |
| 210 | @a北京@c中国方正出版社@d2003 | |
| 215 | @a297页@c图,图版(10页)@d20cm | |
| 225 | 2 | @a发现系列 |
| 304 | @a封面责任者题:占立编 | |
| 330 | @a本书的内容分为5部分,包括隐性动物之谜;古生物之谜;奇趣动物之谜;奇趣植物之谜等。 | |
| 461 | 0 | @12001 @a发现系列 |
| 517 | 1 | @a寒武纪生命大爆炸@Ahan wu ji sheng ming da bao zha |
| 606 | 0 | @a植物@j普及读物 |
| 606 | 0 | @a动物@j普及读物 |
| 606 | 0 | @a动物 |
| 606 | 0 | @a植物 |
| 690 | @aQ94-49@v4 | |
| 701 | 0 | @a占立@Azhan li@4主编 |
| 801 | 0 | @aCN@bWHC@c20070730 |
| 905 | @a10447@dQ94-49@e177 | |
| 动植物神秘现象全记录/占立主编.-北京:中国方正出版社,2003 |
| 297页:图,图版(10页);20cm.-(发现系列) |
| ISBN 7-80107-465-3:CNY24.50 |
| 本书的内容分为5部分,包括隐性动物之谜;古生物之谜;奇趣动物之谜;奇趣植物之谜等。 |
| ● |
| 相关链接 |
|
|
|
|
正题名:动植物神秘现象全记录
索取号:Q94-49/177
 
预约/预借
| 序号 | 登录号 | 条形码 | 馆藏地/架位号 | 状态 | 备注 |
| 1 | 0789095 | 207890950 | 第二样本阅览室/ [索取号:Q94-49/177] | 在馆 | |
| 2 | 0789096 | 207890969 | 第三借阅区/ [索取号:Q94-49/177] | 在馆 | |
| 3 | 0789097 | 207890978 | 第三借阅区/ [索取号:Q94-49/177] | 在馆 | |
| 4 | 0789098 | 207890987 | 第三借阅区/ [索取号:Q94-49/177] | 在馆 | |
| 5 | 0789099 | 207890996 | 第三借阅区/ [索取号:Q94-49/177] | 在馆 |